click the correct radiohead album - Statistics

General Stats
  • This quiz has been taken 28 times
  • The average score is 8 of 10
Answer Stats
Question Answer % Correct
the national anthem kid a
96%
the tourist ok computer
93%
pyramid song amnesiac
89%
daydreaming a moon shaped pool
85%
reckoner in rainbows
85%
anyone can play guitar pablo honey
85%
planet telex the bends
85%
decks dark a moon shaped pool
78%
sit down, stand up hail to the thief
78%
codex king of limbs
59%
No matching quizzes found
Score Distribution
Percent of People with Each Score
Percentile by Number Answered
Your Score History
You have not taken this quiz